000 00777nam a22002297a 4500
003 UA-OsUOA
001 52482
007 ta
008 20150608b un ||||| |||| 00| 0 ukr d
090 _a09-94(477).09
_bЖ74
942 _cBK
040 _aUA-OsUOA
_bukr
_cUA-OsUOA
_dUA-OsUOA
245 _aЖитомирська трагедія. Памяти трагічної смерти О. Сеника-Грибівського й М. Сціборського
300 _a64 с.
955 _a1
041 _aukr
080 _a09-94(477).09
260 _bВид-во ім. Ольжича
_c1949
650 7 _a0 Загальний відділ.
_2UDC
999 _c432597
_d432597